| 000 | 00358 a2200145 4500 | ||
|---|---|---|---|
| 001 | 73934 | ||
| 082 | _a629.83 PHI | ||
| 090 |
_c39027 _d39027 |
||
| 100 | _aPhillips, C L | ||
| 245 |
_aFeedback Control System, 3rd Ed _cCharles L Phillips |
||
| 250 | _a3 | ||
| 260 |
_aU S A _bPrentice Hall _c1993 |
||
| 500 | _aBE textbook | ||
| 600 | _aHarbor Royce | ||
| 942 |
_aNUST-CAE _cTXT _k629.83 PHI |
||
| 999 |
_c309007 _d309007 |
||